• 首页
  • 本馆介绍
  • 公告通知
  • 最新文献
  • 馆藏检索
  • 电子资源
  • 读者导购
  • 参考咨询
  • 我的图书馆
  • 登录
  • 详细信息显示
  • 放入我的书架
  • 预约/预借图书
  • 作者相关作品
  • 分类相关作品
  • 丛书相关作品
  • 出版社相关作品

书目信息

  • 表格格式
  • 工作单格式
  • 卡片格式
题名:
锡兰简明史
    
 
作者: 尼古拉斯 , 帕拉纳维达纳 著 ;李荣熙 译
分册: 上册  
出版信息: 北京   商务印书馆  1964.11
页数: 323页
开本: 20cm
丛书名:
单 册:
中图分类: K358
科图分类:
主题词: 南亚--历史
电子资源:
ISBN:
000 00953nam0 2200253 45
001 0212050856
005 20031219104101.7
010    @dCNY1.90
091    @a11017.222
100    @a20021205d1964 km y0chiy0120 ea
101 0  @achi
105    @aby z 000yy
200 1  @a锡兰简明史@AXi Lan Jian Ming Shi@e从远古时期至公元1505年葡萄牙人到达时为止@h上册@ECong Yuan Gu Shi Qi Zhi Gong Yuan 1505 Nian Pu Tao Ya Ren Dao Da Shi WeiZhi@f(锡兰)尼古拉斯,帕拉纳维达纳著@F(Xi Lan)Ni Gu La Si,Pa La Na Wei Da Na Zhu@g李荣熙译
210    @a北京@c商务印书馆@d1964.11
215    @a323页@c地图@d20cm
300    @a内部读物
517    @a从远古时期至公元1505年葡萄牙人到达时为止@ACong Yuan Gu Shi Qi Zhi GongYuan 1505 Nian Pu Tao Ya Ren Dao Da Shi Wei Zhi
606 0  @a南亚@x历史
690    @aK358@v1
701  0 @a尼古拉斯@4著
701  0 @a帕拉纳维达纳@4著
702  0 @a李荣熙@ALi Rong Xi@4译
801    @aCN@bTSTC@c20021205
905    @f2@b219253-254@dK358@e3:1
    
    锡兰简明史:从远古时期至公元1505年葡萄牙人到达时为止.上册/(锡兰)尼古拉斯,帕拉纳维达纳著/李荣熙译.-北京:商务印书馆,1964.11
    323页:地图;20cm
    内部读物
    
    ISBN :CNY1.90
    
●
相关链接 在E读中查询图书 在五车中查询图书 在当当中查询图书 在豆瓣中查询图书


正题名:锡兰简明史     索取号:K358/3:1         预约/预借

序号 登录号 条形码 馆藏地/架位号 状态 备注
1 0219253   001732664   第二借阅区/ [索取号:K358/3:1] 在馆    
2 0219254   001732593   第二样本阅览室/ [索取号:K358/3:1] 在馆    
唐山师范学院图书馆 欢迎您!
大连网信软件有限公司© 版权所有